Slovenské dejiny v dejinách Európy : Vybrané kapitoly /

Saved in:
Bibliographic Details
Main Authors: Kováč, Dušan (Author), Hallon, Ľubor (Author), Benko, Juraj (Author), Bystrický, Peter (Author)
Format: Book
Language:Slovak
Published: Bratislava : Historický ústav SAV, VEDA, 2015
Edition:1. vydanie
Subjects:
Tags: Add Tag
No Tags, Be the first to tag this record!

MARC

LEADER 00000nam a22000003a 4500
001 0032416
003 SK-STU
005 20190325174004.7
007 ta
008 180420s ----xo-----e------000-0-----d
020 |a 978-80-224-1448-7 
040 |a STU  |b slo 
041 0 |a slo 
044 |a xo 
100 1 |a Kováč, Dušan  |4 aut 
245 1 0 |a Slovenské dejiny v dejinách Európy :  |b Vybrané kapitoly /  |c aut. Dušan Kováč, Juraj Benko, Peter Bystrický ; lso. Ľubor Hallon 
250 |a 1. vydanie 
260 |a Bratislava :  |b Historický ústav SAV, VEDA,  |c 2015 
300 |a 456 s. 
650 0 7 |a dejiny 
650 0 7 |a Slovensko 
650 0 7 |a Európa 
650 0 7 |a história 
650 0 7 |a ekonómia 
650 0 7 |a totalita 
650 0 7 |a národ 
650 0 7 |a viera 
700 1 |a Hallon, Ľubor  |4 lso  |4 aut 
700 1 |a Benko, Juraj  |4 aut 
700 1 |a Bystrický, Peter  |4 aut 
996 |b 284AU07375  |c A* 10624/U  |l AA5150  |s P  |a 0  |w 0032416_0001 
996 |b 284AU07543  |c A* 10791/U  |l AAKNAR  |s A  |a 24  |w 0032416_0002